000
00245nam a2200097Ia 4500
001
834473
005
20250826172435.0
008
250824s9999 xx 000 0 und d
245
0
_a
DÖRT KOZALAK
_c
KARİN KARAKAŞLI
260
_b
GÜNIŞIĞI YAYINLARI
999
_c
834473
_d
834473